000 00442nam a2200181Ia 4500
005 20240823060013.0
008 240823s9999||||xx |||||||||||||| ||und||
041 _aENGLISH
082 _A378 Q5
100 _aPowar K B
245 0 _aReflections on Governance of Indian Universities
250 _a1st
260 _c2015
_bEducation Promotion Society for
500 _aYES
650 _aSocial
_bGeneral
942 _cBK
999 _c230112
_d230112